Most Peaceful Countries - Statistics

General Stats
  • This quiz has been taken 50 times
  • The average score is 20 of 30
Answer Stats
Answer % Correct
Sweden
96%
Canada
89%
Norway
89%
Finland
87%
Switzerland
87%
Australia
84%
Denmark
84%
Austria
80%
Belgium
80%
New Zealand
80%
Germany
78%
The Netherlands
78%
Japan
76%
Poland
76%
Iceland
73%
Spain
73%
Portugal
71%
Ireland
69%
Singapore
69%
Czech Republic
67%
Hungary
67%
Slovenia
62%
Croatia
47%
Romania
47%
Taiwan
47%
Qatar
33%
Malaysia
31%
Bhutan
24%
Uruguay
24%
Mauritius
7%
No matching quizzes found
Score Distribution
Percent of People with Each Score
Percentile by Number Answered
Your Score History
You have not taken this quiz